| 000 | 00799nam a2200217 4500 | ||
|---|---|---|---|
| 001 | 119687 | ||
| 003 | ES-MaACL | ||
| 005 | 20250829120101.0 | ||
| 007 | t| | ||
| 008 | 070214s1930 sp r ||||1| spa d | ||
| 100 | 1 |
_aPina, Francisco. _992064 |
|
| 245 | 1 | 0 |
_aEscritores y pueblo / _cpor Francisco Pina. |
| 260 |
_aValencia : _b[Cuadernos de Cultura], _c1930 ( _fTip. P. Quiles) |
||
| 300 |
_a70 p. ; _c17 cm. |
||
| 490 | 1 |
_aCuadernos de cultura ; _v8. Arte y literatura ; _v1 |
|
| 505 | 8 | _aContiene: La "generación del 98": Unamuno, Pío Baroja, Valle-Inclán, Benavente, Azorín, Araquistain | |
| 650 | 4 |
_aGeneración del 98 (Literatura) _913051 |
|
| 830 | 1 |
_aCuadernos de cultura _v8. Arte y literatura ; _v1 _9181245 |
|
| 852 |
_aES-MaACL _j1923-F-13 |
||
| 999 |
_c119687 _d119687 |
||